| 000 | 00733cab a2200217 4500 | ||
|---|---|---|---|
| 001 | WB2324-24 | ||
| 008 | 090401t1987 xxu||||| |||| 00| 0 eng d | ||
| 035 | _a(Sirsi) u19706 | ||
| 041 | _aeng | ||
| 245 | _aGrants plan for rural jobs drive | ||
| 260 | _c1987 | ||
| 350 | _a0 | ||
| 490 |
_aFinancial Times _v19/6/87 p11 |
||
| 520 | _aDescribes the ACCORD (Assistance for Co-ordinated Rural Development) scheme, an experimental programme set up by the Development Commission to encourage the private sector to become involved in job-creating projects in the countryside. | ||
| 650 | _aCOSIRA | ||
| 650 | _aJOB CREATION | ||
| 650 | _aRURAL AREAS | ||
| 690 | _aPLANNING LAW AND PRACTICE | ||
| 942 | _n0 | ||
| 948 | _c04/03/1997 | ||
| 999 |
_c13184 _d13184 |
||